[Event "Challenge"]
[Site "http://www.queenalice.com/game.php?id=504510"]
[Date "2008.12.7"]
[Round "-"]
[White "Jean_Finger"]
[Black "gupi"]
[Result "1-0"]
[WhiteElo "1176"]
[BlackElo "1262"]

1. Nf3 Nc6 2. Nc3 e5 3. e4 Nd4 4. Nxd4 exd4 5. Nd5 c6 6. Nf4 g5 7. Nd3 Nf6 8.
Be2 Nxe4 9. Rf1 g4 10. Bxg4 d6 11. Bxc8 Rxc8 12. Qg4 d5 13. Ne5 Bh6 14. Nf3 c5
15. d3 Nf6 16. Qg3 Nh5 17. Qe5+ Kf8 18. Bxh6+ Ng7 19. Bxg7+ Kg8 20. Bxh8 f6 21.
Qg3+ Kxh8 22. Kd2 f5 23. Rfe1 Qa5+ 24. c3 dxc3+ 25. bxc3 d4 26. Rac1 dxc3+ 27.
Rxc3 c4 28. Re7 Rg8 29. Qe5+ Qxe5 30. Nxe5 Rxg2 31. Rxc4 Rxf2+ 32. Ke3 Rxh2 33.
Rc8# 1-0

[Event "Challenge"]
[Site "http://www.queenalice.com/game.php?id=505563"]
[Date "2008.12.10"]
[Round "-"]
[White "Jean_Finger"]
[Black "codcam"]
[Result "0-1"]
[WhiteElo "1207"]
[BlackElo "1209"]

1. e4 e5 2. Nf3 f6 3. Nc3 c6 4. Bc4 Nh6 5. h3 b5 6. Bd3 d5 7. exd5 Nf5 8. dxc6
Qb6 9. Bxb5 Bb4 10. Qe2 a6 11. Nd5 Qa5 12. Nxb4 Qxb4 13. Bd3 Nxc6 14. Bxf5 Qc5
15. Bxc8 Rxc8 16. Qxa6 O-O 17. O-O Nb4 18. Qb7 Nxc2 19. Rb1 g5 20. d3 Qa5 21.
Bd2 Qa4 22. Ne1 Nd4 23. Nf3 Ne2+ 24. Kh2 g4 25. Rg1 Rf7 26. Qxc8+ Kg7 27. Rge1
Qxa2 28. Nh4 f5 29. Nxf5+ Kg6 30. Qe6+ Qxe6 31. Ne3 Rxf2 32. Nxg4 Qd6 33. Be3
e4+ 34. Kh1 Ng3+ 35. Kh2 Nh5+ 36. Kg1 Rc2 37. Rf1 Qg3 38. Rf2 exd3 39. Rc1 Re2
40. Rc6+ Kg7 41. Bh6+ Kg8 42. Kf1 Rxf2+ 43. Nxf2 Nf4 44. Bxf4 Qxf4 45. Rc3 d2
46. Ke2 d1=Q+ 47. Nxd1 Qe5+ 48. Re3 Qb5+ 49. Rd3 Qe8+ 50. Re3 Qb5+ 51. Rd3 Qe5+
52. Kd2 Qg5+ 53. Ne3 Qa5+ 54. Rc3 Qd8+ 55. Rd3 Qa5+ 56. Ke2 Qh5+ 57. Ng4 Qe8+
58. Re3 Qb5+ 59. Rd3 Qxb2+ 60. Ke3 Qxg2 61. Nf6+ Kg7 0-1

[Event "AUTO-BEG-273"]
[Site "http://www.queenalice.com/game.php?id=506900"]
[Date "2008.12.13"]
[Round "1"]
[White "Jean_Finger"]
[Black "matheusinho_7_7"]
[Result "1-0"]
[WhiteElo "1253"]
[BlackElo "976"]

1. e4 e5 2. Nf3 Nf6 3. Nc3 Nxe4 4. Nxe4 f6 5. Bc4 Bc5 6. Nxc5 b6 7. Ne4 Rf8 8.
O-O d6 9. Bd5 Qd7 10. Bxa8 Bb7 11. Nxf6+ Rxf6 12. Bxb7 Qb5 13. d4 exd4 14. Qe1+
Kf8 15. Bg5 Rxf3 16. Qe7+ Kg8 17. Bd5+ Kh8 18. Qf8+ Rxf8 19. c4 Rd8 20. Bxd8 Na6
21. cxb5 Nb4 22. Rfe1 Nxa2 23. Re8# 1-0

[Event "AUTO-BEG-273"]
[Site "http://www.queenalice.com/game.php?id=506901"]
[Date "2008.12.13"]
[Round "1"]
[White "matheusinho_7_7"]
[Black "Jean_Finger"]
[Result "0-1"]
[WhiteElo "973"]
[BlackElo "1206"]

1. d4 Nc6 2. Nc3 Nxd4 3. e3 Nf5 4. Qd2 e5 5. Qd3 d6 6. Qxd6 Nxd6 7. Ne4 Nxe4 8.
Be2 Qg5 9. f3 Bb4+ 10. Kd1 Nf2# 0-1

[Event "AUTO-BEG-273"]
[Site "http://www.queenalice.com/game.php?id=506902"]
[Date "2008.12.13"]
[Round "1"]
[White "Jean_Finger"]
[Black "smosbeck"]
[Result "0-1"]
[WhiteElo "1247"]
[BlackElo "1182"]

1. e4 e5 2. Nf3 Nc6 3. Nc3 d5 4. Nxd5 f5 5. exf5 Qxd5 6. Bd3 Nh6 7. Nh4 g6 8.
O-O gxf5 9. Qh5+ Nf7 10. c4 Qxd3 11. Qf3 Qxc4 12. d3 Qxh4 13. Be3 Nd4 14. Bxd4
exd4 15. Qe2+ Be7 16. g3 Qg5 17. Rac1 f4 18. Rfe1 c6 19. Qe4 Be6 20. Re2 fxg3
21. Rce1 gxf2+ 22. Kxf2 Qf6+ 23. Kg2 Rg8+ 24. Kh1 Nd8 25. b3 Qh6 26. Qxd4 Rg4
27. Qe3 Bg5 28. Qf3 Be7 29. Rf2 c5 30. Qe3 Qxe3 31. Rxe3 c4 32. Rg2 Rxg2 33.
Kxg2 Rc8 34. bxc4 Rc5 35. Rh3 Bxh3+ 36. Kxh3 Rh5+ 37. Kg3 Ne6 38. Kg4 Rg5+ 39.
Kf3 Rf5+ 40. Ke4 Rf4+ 41. Ke5 Bf6+ 0-1

[Event "AUTO-BEG-273"]
[Site "http://www.queenalice.com/game.php?id=506903"]
[Date "2008.12.13"]
[Round "1"]
[White "smosbeck"]
[Black "Jean_Finger"]
[Result "0-1"]
[WhiteElo "1096"]
[BlackElo "1199"]

1. d4 Nc6 2. c4 e5 3. dxe5 Nxe5 4. b3 Bb4+ 5. Bd2 Bc5 6. f4 Ng4 7. e3 Qe7 8.
Qxg4 d6 9. Qg3 Nf6 10. Nf3 Ne4 11. Qg4 Bxg4 12. h3 Bxf3 13. gxf3 Nxd2 14. Nxd2
Qxe3+ 15. Be2 O-O 16. f5 f6 17. a3 Rfe8 18. Nb1 Qxe2# 0-1

[Event "AUTO-BEG-275"]
[Site "http://www.queenalice.com/game.php?id=509597"]
[Date "2008.12.18"]
[Round "1"]
[White "Tigrao"]
[Black "Jean_Finger"]
[Result "1-0"]
[WhiteElo "1246"]
[BlackElo "1190"]

1. e4 Nf6 2. e5 Nd5 3. d4 e6 4. Nf3 Nc6 5. Bb5 Bb4+ 6. c3 Ba5 7. Qa4 O-O 8. Bxc6
dxc6 9. Qxa5 b6 10. Qa4 Bb7 11. Qc2 c5 12. dxc5 Nf4 13. Bxf4 Bxf3 14. gxf3 bxc5
15. Nd2 Rb8 16. O-O-O h6 17. Ne4 Qe8 18. Rhg1 Rb7 19. Nxc5 Rb6 20. Bxh6 Qb5 21.
Rxg7+ Kh8 22. Qh7# 1-0

[Event "AUTO-BEG-275"]
[Site "http://www.queenalice.com/game.php?id=509598"]
[Date "2008.12.18"]
[Round "1"]
[White "Jean_Finger"]
[Black "Tigrao"]
[Result "0-1"]
[WhiteElo "1206"]
[BlackElo "1278"]

1. Nf3 Nf6 2. Nc3 d5 3. e4 dxe4 4. Nd4 e5 5. Ndb5 Bb4 6. Nxe4 Nxe4 7. c3 Bd6 8.
Nxd6+ Nxd6 9. Bd3 Bf5 10. Bxf5 Nxf5 11. O-O O-O 12. Qe2 Re8 13. Qg4 g6 14. d3
Nc6 15. Bg5 f6 16. Bd2 Qxd3 17. Qd1 Rad8 18. h3 Qxd2 19. h4 Qxd1 20. Rfxd1 Nxh4
21. b3 Kf7 22. Rac1 e4 23. Rc2 Rxd1+ 24. Kh2 Red8 25. Kg3 Nxg2 26. Kxg2 R1d2 27.
Rxd2 Rxd2 28. b4 Rxa2 29. b5 Rc2 30. bxc6 bxc6 31. Kg3 Rxc3+ 32. Kf4 f5 33. Ke5
a5 34. Kd4 Rf3 35. Kc5 a4 36. Kxc6 a3 37. Kxc7 a2 38. Kd6 a1=Q 39. Kd5 Rd3+ 40.
Kc4 Qc1+ 41. Kb4 Rd8 42. Kb3 Rb8+ 43. Ka2 Qb2# 0-1

[Event "AUTO-BEG-275"]
[Site "http://www.queenalice.com/game.php?id=509611"]
[Date "2008.12.18"]
[Round "1"]
[White "Jean_Finger"]
[Black "BISPO_Daniel"]
[Result "0-1"]
[WhiteElo "1272"]
[BlackElo "1350"]

1. Nf3 b5 2. e4 Nf6 3. Bxb5 c6 4. Bc4 Nxe4 5. Ng5 Nxg5 6. d3 h6 7. Bf4 d6 8. O-O
e5 9. Bg3 Bb7 10. Nc3 Nd7 11. Qh5 Qf6 12. Bh4 g6 13. Qg4 h5 14. Qf3 Nxf3+ 15.
Kh1 Qxh4 16. gxf3 c5 17. Nd5 Rc8 18. Rae1 Nf6 19. Nxf6+ Qxf6 20. Rg1 Bxf3+ 21.
Rg2 h4 22. Kg1 h3 23. Rg3 Bg2 24. Rf1 Bh6 25. Ba6 Rc6 26. Bb5 Kd8 27. Bxc6 Bxc6
28. Rxh3 Bf4 29. Rxh8+ Qxh8 30. Re1 Qxh2+ 31. Kf1 Bd2 32. Ke2 Bxe1 33. Kxe1 Bf3
34. Kd2 Qxf2+ 35. Kc3 a5 0-1

[Event "AUTO-BEG-275"]
[Site "http://www.queenalice.com/game.php?id=509612"]
[Date "2008.12.18"]
[Round "1"]
[White "BISPO_Daniel"]
[Black "Jean_Finger"]
[Result "1-0"]
[WhiteElo "1363"]
[BlackElo "1259"]

1. c4 e5 2. Qb3 Bc5 3. Nf3 d6 4. Nc3 Nc6 5. Qb5 Rb8 6. Nd5 Be6 7. Nc3 Nf6 8. e3
Qd7 9. d4 Bb6 10. Ng5 Bf5 11. g3 O-O 12. d5 Ba5 13. dxc6 Qxc6 14. Qxc6 bxc6 15.
Bh3 Bxh3 16. Nxh3 Bxc3+ 17. bxc3 Ne4 18. f3 Nxc3 19. Bd2 Rb1+ 20. Kf2 Rxa1 21.
Rxa1 Na4 22. f4 Nc5 23. fxe5 Nd3+ 24. Ke2 Nxe5 25. Ng5 Nxc4 26. Rf1 f6 27. Ne6
Re8 28. Nd4 Ne5 29. Nf5 c5 30. h4 g6 31. Nh6+ Kg7 32. e4 Rb8 33. Bf4 Nc4 34. g4
Rb2+ 35. Kd3 1-0

[Event "AUTO-BEG-275"]
[Site "http://www.queenalice.com/game.php?id=509613"]
[Date "2008.12.18"]
[Round "1"]
[White "Jean_Finger"]
[Black "prefex"]
[Result "1-0"]
[WhiteElo "1245"]
[BlackElo "1039"]

1. Nc3 e5 2. Nf3 Nc6 3. e4 Bc5 4. Bb5 a6 5. Bxc6 dxc6 6. d3 h6 7. Nxe5 Qf6 8. d4
Bd6 9. f4 Qh4+ 10. g3 Qh3 11. Qf3 Qe6 12. Be3 Nf6 13. Rf1 Qh3 14. Bg1 Ng4 15.
Nxg4 Bxg4 16. Qf2 O-O 17. Kd2 Qh5 18. e5 Bb4 19. a3 Be7 20. Kc1 Bh3 21. Qf3 Qf5
22. Rf2 Bg4 23. Qe4 Qe6 24. Qe3 Bf6 25. Ne4 Be7 26. Nc5 Bxc5 27. dxc5 Rad8 28.
b3 Rd1+ 29. Kb2 Rxa1 30. Kxa1 Qd5 31. Rd2 Qe6 32. Ka2 1-0

[Event "AUTO-BEG-275"]
[Site "http://www.queenalice.com/game.php?id=509614"]
[Date "2008.12.18"]
[Round "1"]
[White "prefex"]
[Black "Jean_Finger"]
[Result "1-0"]
[WhiteElo "1100"]
[BlackElo "1213"]

1. e4 Nf6 2. e5 Nd5 3. d4 e6 4. Nc3 Nxc3 5. bxc3 Nc6 6. Nf3 d5 7. exd6 Qxd6 8.
Ng5 Be7 9. Qh5 Bd7 10. Nxf7 O-O 11. Nxd6 Bxd6 12. Bd3 Be8 13. Bxh7+ Kh8 14. Bg6+
Kg8 15. Qh7# 1-0

[Event "AUTO-BEG-276"]
[Site "http://www.queenalice.com/game.php?id=511895"]
[Date "2008.12.24"]
[Round "1"]
[White "Quanah4"]
[Black "Jean_Finger"]
[Result "1-0"]
[WhiteElo "1396"]
[BlackElo "1259"]

1. d4 Nc6 2. e3 d5 3. Nf3 Bg4 4. Be2 e6 5. O-O Bb4 6. c3 Ba5 7. Nbd2 Qf6 8. Nb3
O-O-O 9. Nxa5 Nxa5 10. b3 c6 11. Bb2 b6 12. Rc1 Ne7 13. Qd2 Nf5 14. c4 dxc4 15.
bxc4 c5 16. d5 e5 17. e4 Nd6 18. Nxe5 Bxe2 19. Qxe2 Rhf8 20. Nd7 Qe7 21. Nxf8
Qxf8 22. Bc3 Naxc4 23. e5 Qe8 24. Rfe1 f6 25. exd6 Qxe2 26. Rxe2 Nxd6 27. Rce1
Re8 28. Rxe8+ Nxe8 29. Rxe8+ Kd7 30. Re1 Kd6 31. Rd1 Kc7 32. g3 b5 33. d6+ Kd7
34. Ba5 b4 35. Bc7 f5 36. Rd5 Kc6 37. Rxf5 1-0

[Event "AUTO-BEG-276"]
[Site "http://www.queenalice.com/game.php?id=511896"]
[Date "2008.12.24"]
[Round "1"]
[White "Jean_Finger"]
[Black "Quanah4"]
[Result "0-1"]
[WhiteElo "1259"]
[BlackElo "1418"]

1. e4 c5 2. Bc4 g6 3. Qf3 e6 4. Nc3 Bg7 5. Qh3 Ne7 6. f3 d5 7. exd5 exd5 8. Qg3
dxc4 9. d3 cxd3 10. cxd3 Qxd3 11. Nge2 Qd8 12. O-O O-O 13. Rd1 Bd7 14. Nf4 Qc7
15. Be3 Be5 16. Ncd5 Nxd5 17. Rxd5 b6 18. Qg5 f6 19. Qh6 Bc6 20. Ne6 Qf7 21.
Nxf8 Qxf8 22. Rd3 Qxh6 23. Bxh6 Nd7 24. f4 Bd4+ 25. Kh1 f5 26. Re1 Nf6 27. Re6
Ng4 28. h3 Nf2+ 29. Kh2 Nxd3 30. Rxc6 Be3 31. Rc7 Bxf4+ 32. Bxf4 Nxf4 33. Kg3
Ne6 34. Re7 Nd4 35. Re5 Kf7 36. h4 h5 0-1

[Event "AUTO-BEG-276"]
[Site "http://www.queenalice.com/game.php?id=511907"]
[Date "2008.12.24"]
[Round "1"]
[White "Jean_Finger"]
[Black "marysson"]
[Result "1-0"]
[WhiteElo "1196"]
[BlackElo "1078"]

1. Nf3 d5 2. Nc3 c5 3. d4 cxd4 4. Nxd4 Qd6 5. Bg5 Nc6 6. Ncb5 Qe5 7. Nf3 Qxb2 8.
Rb1 Qxa2 9. Nc7+ Kd8 10. Nxa8 Qc4 11. e3 Bg4 12. Bxc4 Be6 13. Bf4 Nf6 14. Bc7+
Kd7 15. Ne5+ Kc8 16. Nxc6 bxc6 17. Rb8+ Kd7 18. Rd8# 1-0

[Event "AUTO-BEG-276"]
[Site "http://www.queenalice.com/game.php?id=511908"]
[Date "2008.12.24"]
[Round "1"]
[White "marysson"]
[Black "Jean_Finger"]
[Result "1-0"]
[WhiteElo "1250"]
[BlackElo "1207"]

1. c3 e5 2. e4 Nf6 3. Qc2 Nc6 4. Be2 d6 5. d3 Bg4 6. Bxg4 Nxg4 7. Be3 f6 8. Nd2
Nxe3 9. fxe3 Qd7 10. Ngf3 Qg4 11. g3 Qh3 12. O-O-O Qd7 13. Nf1 Qh3 14. Rd2 O-O-O
15. Ng1 Qe6 16. h3 g6 17. d4 exd4 18. exd4 Qxa2 19. d5 Na5 20. Qb1 Nb3+ 21. Kc2
Qxb1+ 22. Kxb1 Nxd2+ 23. Nxd2 Bh6 24. Ndf3 f5 25. e5 g5 26. e6 g4 27. hxg4 fxg4
28. Nd4 Be3 29. Nf5 Bxg1 30. Rxg1 Rdf8 31. Rf1 c5 32. c4 a6 33. Rf4 h5 34. Nxd6+
Kc7 35. Ne4 Rfg8 36. d6+ Kd8 37. Nf6 Rg5 38. e7+ Kc8 39. e8=Q+ Rxe8 40. Nxe8 Re5
41. Rf8 Kd8 42. Ng7+ Re8 43. Nxe8 h4 44. Nf6# 1-0